| LEADER |
00642nam0a2200181 450 |
| 001 |
16848020 |
| 010 |
|
|
|a 978-2-7081-3718-9
|b Br.
|d 20
|
| 100 |
|
|
|a 20070206d2007 u u0frey01 ba
|
| 101 |
0 |
|
|a fre
|
| 102 |
|
|
|a FR
|
| 200 |
0 |
|
|a Philosophie (La)
|f Claude-Henry du Bord
|
| 207 |
|
1 |
|a
|
| 215 |
|
|
|d 22 x 16 cm
|
| 330 |
|
|
|a Un panorama complet de la philosophie, des origines à nos jours, à travers ses courants, ses auteurs et ses oeuvres.
|
| 700 |
|
0 |
|a Du Bord
|b Claude-Henry
|4 70
|
| 900 |
|
|
|a Documentaire
|
| 901 |
|
|
|a Accessible au prêt
|
| 995 |
|
|
|a Bibliothèque
|c Bibliothèque
|f 00156006381693
|h 00156006381693
|k 101 DUB
|o p
|q a
|r az
|e Bibliothèque
|